000 00707nam a2200289Ia 4500
003 OSt
005 20220912151458.0
006 a|||||r|||| 00| 0
007 ta
008 220909b |||||||| |||| 00| 0 eng d
020 _a071677027X
024 _a2676
037 _cTextual
040 _aCSL
_beng
_cCSL
041 _aeng
082 _aE92Z2, N2
100 _aCreighton Thomas E Ed
245 0 _aProtein folding
260 _aNew York
_b W H Freeman
_c1992
300 _a547p
650 _a Amino Acid
650 _a Bio-substance
650 _a Protein
650 _aChemistry
942 _hE92Z2, N2
_cTEXL
_2CC
999 _c69442
_d69442